000 02862cam a2200433 4500500
005 20251228073441.0
041 _afre
042 _adc
100 1 0 _aKaltenbeck, Franz
_eauthor
245 0 0 _aSurveillance et malveillance
260 _c2008.
500 _a34
520 _aRésuméAlors que des instruments de surveillance couvrent le moindre mouvement sur notre planète, nous fermons les yeux face à l’insoutenable, même s’il se produit dans notre voisinage, à moins qu’il nous soit transmis dans les informations. Ce « détournement du regard » (Lacan) peut dégénérer en une véritable « malveillance » qui est au moins aussi dangereuse que la surveillance généralisée, calquée sur le schéma de la paranoïa. La malveillance peut montrer la souffrance sans la soulager, et en tant que non-assistance à personnes en danger, elle devient complice du crime. Passion de l’ignorance, elle entrave les savoirs censés élucider et combattre les sources de la violence, elle écrase le sujet responsable et prépare le terrain à une ségrégation toujours plus dure, en commençant par les populations les plus marginalisées.
520 _aWhereas the instruments of surveillance watch the slightest movements on our plane, we close our eyes in face of the unbeareable if it is not transmitted by the news on television and even if it happens in our own neighbourhood. This « turn away of the gaze » (Lacan) can degenerate into a real staring malevolence which is at least as dangerous as is the generalized surveillance modelled on the scheme of paranoia. This malevolence can exhibit suffering without relieving it and, as the refusal to help persons who are in danger, it becomes an accomplice of crime. As a passion for ignorance, it inhibits the knowledge which is supposed to elicit the sources of violence it annihilates the responsible subject and prepares the ground for a growing segregation which begins with the most marginalized populations.
690 _aagresseurs sexuels
690 _acrime
690 _adétournement du regard
690 _aexhibitionnisme
690 _amaltraitance
690 _amalveillance
690 _aparanoïa
690 _arétention de sûreté
690 _aségrégation
690 _asurveillance
690 _avoyeurisme
690 _a« turn away of the gaze »
690 _acrime
690 _aexhibitionism
690 _amalevolence
690 _amaltreatement
690 _aparanoia
690 _asecurity retention (law of)
690 _asegregation
690 _asexual agressors
690 _asurveillance
690 _avoyeurism
786 0 _nSavoirs et clinique | 9 | 1 | 2008-06-23 | p. 21-30 | 1634-3298
856 4 1 _uhttps://shs.cairn.info/revue-savoirs-et-cliniques-2008-1-page-21?lang=fr&redirect-ssocas=7080
999 _c1595247
_d1595247